LEADER 01438nam a2200313 4500 001 000000340696 003 CaOOAMICUS 005 20211223153457.0 008 200622s2018 it 000 u ita r 020 $a978-88-938145-5-3 040 $aSeMil$bita 100 1 $aRowling, J. K.,$d<1965- >.$0(OLS)http://semarc/name/48078 240 10$aHarry Potter.$0(OLS)http://semarc/title/438477 245 10$aHarry Potter e il Principe Mezzosangue /$cJ. K. Rowling ; edizione a cura di Stefano Bartezzaghi ; traduzione di Beatrice Masini. 250 $a1. rist 264 3$aMilano :$bSalani,$c2018. 300 $a567 p. ;$c21 cm 500 $aIn cop.: 20 anni di magia, Harry Potter 500 $aSul dorso: 6. anno 700 1 $aBartezzaghi, Stefano,$d<1962- >.$0(OLS)http://semarc/name/82442 700 1 $aMasini, Beatrice,$d<1962- >.$0(OLS)http://semarc/name/55870 765 0 $aRowling, J. K. <1965- >$tHarry Potter and the Half-Blood Prince.$dLondon [etc.] : Bloomsbury, 2010.$z978-1-4088-1058-3$w()340632 850 $aSeMil 852 $aSeMil$W1$xVenegono$y1$m1V II 376$j221310$B231766$CSeMilBibl$Z2$F231766 $81 961 $aBrambilla don Paolo - Omaggio 996 $6020$a978-88-938145-5-3$9(OLS)http://semarc/number/290596 996 $6245$aHarry Potter e il Principe Mezzosangue$9(OLS)http://semarc/title/429758 996 $6264$aMilano :$bSalani$9(OLS)http://semarc/publisher/38155 LEADER 01428nam a2200265 i 4500 001 000000007858 003 CaOOAMICUS 005 20180830125439.0 008 180830s1995 it u000 u ita u 040 $aSeMil$bita 100 1 $aOrbe, Antonio .$0(OLS)http://semarc/name/4030 240 10$aIntroducción a la teología de los siglos 2. e 3.$0(OLS)http://semarc/title/10488 245 13$aLa teologia dei secoli 2. e 3. :$bil confronto della Grande Chiesa con lo gnosticismo /$cAntonio Orbe. 250 $aEd. italiana. 260 $aRoma :$bPontificia Università Gregoriana,$c1995. 260 $aCasale Monferrato :$bPiemme,$c1995. 300 $a2 v. ;$c23 cm. 650 4$aTeologia - Storia - Sec. 2.-3.$0(OLS)http://semarc/subject/1271 700 1 $aZani, Antonio <1950- >.$0(OLS)http://semarc/name/4031 773 0 $tPiemme Theologica.$dCasale Monferrato : Piemme, 1989.$w()274 774 0 $tTemi veterotestamentari.$kPiemme Theologica$z88-384-2283-4$gVolume1$w()109821 774 0 $aOrbe, Antonio $tTemi neotestamentari.$kPiemme Theologica$z88-384-2284-2$gVolume2$w()109822 996 $6245$aLa teologia dei secoli 2. e 3. :$bil confronto della Grande Chiesa con lo gnosticismo$9(OLS)http://semarc/title/10487 996 $6260$aCasale Monferrato :$bPiemme$9(OLS)http://semarc/publisher/29798 996 $6260$aRoma :$bPontificia Università Gregoriana$9(OLS)http://semarc/publisher/29750